01021nas a2200241Ia 4500001001100000003000900011008004100020040001300061040001300074041001300087100003800100210001800138222001800156245009300174250001100267260004100278501008600319300001100405310001200416362003500428500026200463650005400725R138/G2841IT-RoPAU151124c99999999xx |||||||||||| ||und|| aIT-RoPAU cIT-RoPAU aITALIANO aAA.VV. gCodice Aut. SPICS: 12000 aFAMIGLIA OGGI aFamiglia Oggi aFAMIGLIA OGGI, ANNO 23-N.02 (FEBBRAIO 2000)bFamiglia Oggi, Anno 23-N.02 (Febbraio 2000) a1a ed. aALBA (CN)bPERIODICI SAN PAOLOc2000 bPaulus - SPICS - Società San Paolo EM (non-commercial uses only)cCopyright2015 a100 p. aMENSILE aANNO 023, N.02 (FEBBRAIO 2000) aFamiglie di Fatto: un Confronto su Diversi Modelli di Convivenza. Giurisprudenza e Famiglie di Fatto di Luciano Deriu. L'Istituzione è per L'Uomo e Non Viceversa di Leandro Rossi. Matrimonio in Crisi?: Unioni che Scuotono Icredenti di Giuseppe De Rosa. in aCOMUNICAZIONE - FAMIGLIAvPUBBLICAZIONE PERIODICA